[Event "TUR-ch"]
[Site "Suleymanpasa"]
[Date "2017.11.14"]
[Round "4"]
[White "Soysal, Serkan"]
[Black "Kanmazalp, Ogulcan"]
[Result "1/2-1/2"]
[WhiteElo "2402"]
[BlackElo "2452"]
[PlyCount "76"]
[EventDate "2017.11.11"]
[EventType "tourn"]
[EventRounds "11"]
[EventCountry "TUR"]
[EventCategory "5"]
[SourceTitle "CBM 181 Extra"]
[Source "ChessBase"]
[SourceDate "2017.12.12"]
[SourceVersion "1"]
[SourceVersionDate "2017.12.12"]
[SourceQuality "1"]

1. d4 d5 2. c4 e6 3. Nc3 c6 4. e3 Nf6 5. Nf3 Nbd7 6. Qc2 Bd6 7. Bd3 0-0 8. 0-0 dxc4 9. Bxc4 e5 10. h3 h6 11. Rd1 Qc7 12. a4 exd4 13. Nxd4 Ne5 14. Ba2 Re8 15. Bd2 Ned7 16. Nf5 Nf8 17. Be1 Bxf5 18. Qxf5 Rad8 19. Rac1 Qe7 20. Rd2 Bb4 21. Rxd8 Rxd8 22. Qc2 Ne6 23. Rd1 Nc5 24. Rxd8+ Qxd8 25. Bc4 a5 26. Kf1 Qd6 27. Ke2 Qe5 28. Bd2 Qg5 29. Kf1 Qh4 30. b3 Qh5 31. Be1 Qe5 32. Ke2 Ne6 33. Bxe6 Qxe6 34. Na2 Bxe1 35. Kxe1 Qd5 36. f3 Qe5 37. Kf2 Nd5 38. Qd2 h5 1/2-1/2

[Event "TUR-ch"]
[Site "Suleymanpasa"]
[Date "2017.11.12"]
[Round "2"]
[White "Koksal, Ege"]
[Black "Kanmazalp, Ogulcan"]
[Result "1/2-1/2"]
[WhiteElo "2364"]
[BlackElo "2452"]
[PlyCount "72"]
[EventDate "2017.11.11"]
[EventType "tourn"]
[EventRounds "11"]
[EventCountry "TUR"]
[EventCategory "5"]
[SourceTitle "CBM 181 Extra"]
[Source "ChessBase"]
[SourceDate "2017.12.12"]
[SourceVersion "1"]
[SourceVersionDate "2017.12.12"]
[SourceQuality "1"]

1. Nf3 d5 2. d4 e6 3. c4 Nf6 4. Nc3 c6 5. e3 Nbd7 6. Bd3 dxc4 7. Bxc4 b5 8. Bd3 Bd6 9. 0-0 0-0 10. a4 b4 11. Ne4 Nxe4 12. Bxe4 Bb7 13. b3 Nf6 14. Bd3 c5 15. Bb2 Rc8 16. Rc1 Qe7 17. dxc5 Bxc5 18. Qe2 Rfd8 19. Rfd1 h6 20. Bxf6 Qxf6 21. Ba6 Bxf3 22. Qxf3 Qxf3 23. gxf3 Rxd1+ 24. Rxd1 Rc7 25. Bb5 Bb6 26. Rd8+ Kh7 27. Rd7 g5 28. Rxc7 Bxc7 29. h3 Kg6 30. Kf1 f5 31. Bc4 Kf6 32. Ke2 Ke5 33. f4+ Kf6 34. Kf3 e5 35. fxg5+ hxg5 36. e4 f4 1/2-1/2

[Event "TUR-chT"]
[Site "Kocaeli"]
[Date "2017.08.03"]
[Round "9.3"]
[White "Kuzubov, Yuriy"]
[Black "Kanmazalp, Ogulcan"]
[Result "1-0"]
[WhiteElo "2646"]
[BlackElo "2445"]
[PlyCount "53"]
[EventDate "2017.07.26"]
[EventType "team-tourn"]
[EventRounds "13"]
[EventCountry "TUR"]
[SourceTitle "CBM 179 Extra"]
[Source "ChessBase"]
[SourceDate "2017.08.23"]
[SourceVersion "1"]
[SourceVersionDate "2017.08.23"]
[SourceQuality "1"]
[WhiteTeam "Mersin Zeka"]
[BlackTeam "Istanbul Bogazici Univ"]
[WhiteTeamCountry "TUR"]
[BlackTeamCountry "TUR"]

1. d4 d5 2. c4 e6 3. Nf3 Nf6 4. Nc3 c6 5. e3 Nbd7 6. b3 Bd6 7. Bb2 0-0 8. Bd3 Qe7 9. Qc2 Re8 10. e4 dxc4 11. Bxc4 b5 12. Be2 e5 13. 0-0 a6 14. Rad1 Bb7 15. dxe5 Nxe5 16. Nd4 Neg4 17. Nf5 Bxh2+ 18. Kh1 Qc7 19. Bxg4 Nxg4 20. Qe2 Nf6 21. Nxg7 c5 22. Nxe8 Rxe8 23. Nd5 Bxd5 24. Bxf6 Bxe4 25. Qg4+ Bg6 26. f4 Qc6 27. Ba1 1-0

[Event "TUR-chT"]
[Site "Kocaeli"]
[Date "2017.08.02"]
[Round "8.5"]
[White "Kanmazalp, Ogulcan"]
[Black "Solak, Dragan"]
[Result "1/2-1/2"]
[WhiteElo "2445"]
[BlackElo "2624"]
[PlyCount "67"]
[EventDate "2017.07.26"]
[EventType "team-tourn"]
[EventRounds "13"]
[EventCountry "TUR"]
[SourceTitle "CBM 179 Extra"]
[Source "ChessBase"]
[SourceDate "2017.08.23"]
[SourceVersion "1"]
[SourceVersionDate "2017.08.23"]
[SourceQuality "1"]
[WhiteTeam "Istanbul Bogazici Univ"]
[BlackTeam "Canakkale Gokceada"]
[WhiteTeamCountry "TUR"]
[BlackTeamCountry "TUR"]

1. e4 c6 2. d4 d5 3. Nc3 dxe4 4. Nxe4 Bf5 5. Ng3 Bg6 6. h4 h6 7. Nf3 Nd7 8. h5 Bh7 9. Bd3 Bxd3 10. Qxd3 e6 11. Bd2 Ngf6 12. 0-0-0 Be7 13. Kb1 0-0 14. Ne4 Nxe4 15. Qxe4 Nf6 16. Qe2 Qd5 17. Ne5 Qe4 18. Qxe4 Nxe4 19. Be1 Rfd8 20. f3 Nf6 21. Bf2 Bd6 22. g4 Kf8 23. c4 Rac8 24. Rhe1 Ke8 25. Kc2 b5 26. b3 a6 27. Nd3 Kf8 28. a4 Ke8 29. Ra1 Ra8 30. Ra2 bxc4 31. bxc4 Rab8 32. Raa1 Nd7 33. Rab1 Rdc8 34. Rxb8 1/2-1/2

[Event "TUR-chT"]
[Site "Kocaeli"]
[Date "2017.07.30"]
[Round "5.1"]
[White "Kanmazalp, Ogulcan"]
[Black "Kravtsiv, Martyn"]
[Result "1/2-1/2"]
[WhiteElo "2445"]
[BlackElo "2657"]
[PlyCount "84"]
[EventDate "2017.07.26"]
[EventType "team-tourn"]
[EventRounds "13"]
[EventCountry "TUR"]
[SourceTitle "CBM 179 Extra"]
[Source "ChessBase"]
[SourceDate "2017.08.23"]
[SourceVersion "1"]
[SourceVersionDate "2017.08.23"]
[SourceQuality "1"]
[WhiteTeam "Istanbul Bogazici Univ"]
[BlackTeam "Karaman Belediye"]
[WhiteTeamCountry "TUR"]
[BlackTeamCountry "TUN"]

1. Nf3 d5 2. g3 Nf6 3. Bg2 Nbd7 4. 0-0 e5 5. d3 Bd6 6. Nc3 0-0 7. e4 dxe4 8. dxe4 Nc5 9. Nh4 Re8 10. Nf5 Bxf5 11. exf5 e4 12. Be3 Qe7 13. Qe2 Be5 14. Qc4 b6 15. Bxc5 Qxc5 16. Qxc5 bxc5 17. Nxe4 Nxe4 18. Bxe4 Rab8 19. Bc6 Red8 20. Rad1 Bxb2 21. Rxd8+ Rxd8 22. Rb1 Be5 23. Rb7 g6 24. fxg6 hxg6 25. Rxa7 Rd1+ 26. Kg2 Rd2 27. c4 Bd4 28. a4 Rxf2+ 29. Kh3 Be5 30. a5 f5 31. a6 Ra2 32. Ra8+ Kg7 33. a7 g5 34. Rg8+ Kxg8 35. a8Q+ Rxa8 36. Bxa8 Kg7 37. Kg2 g4 38. h3 gxh3+ 39. Kxh3 Kf6 40. Kg2 f4 41. gxf4 Bxf4 42. Kf3 Ke5 1/2-1/2

[Event "TUR-chT"]
[Site "Kocaeli"]
[Date "2017.07.30"]
[Round "6.6"]
[White "Kanmazalp, Ogulcan"]
[Black "Safarli, Eltaj"]
[Result "1/2-1/2"]
[WhiteElo "2445"]
[BlackElo "2641"]
[PlyCount "59"]
[EventDate "2017.07.26"]
[EventType "team-tourn"]
[EventRounds "13"]
[EventCountry "TUR"]
[SourceTitle "CBM 179 Extra"]
[Source "ChessBase"]
[SourceDate "2017.08.23"]
[SourceVersion "1"]
[SourceVersionDate "2017.08.23"]
[SourceQuality "1"]
[WhiteTeam "Istanbul Bogazici Univ"]
[BlackTeam "Istanbul Besiktas"]
[WhiteTeamCountry "TUR"]
[BlackTeamCountry "TUR"]

1. Nf3 d5 2. d4 Nf6 3. c4 e6 4. Nc3 Bb4 5. Qb3 c5 6. dxc5 Nc6 7. Bg5 Qa5 8. Bxf6 dxc4 9. Qxc4 gxf6 10. Rc1 e5 11. a3 Bxc5 12. e3 Be6 13. Qa4 Qxa4 14. Nxa4 Be7 15. Nc5 Bxc5 16. Rxc5 Ke7 17. Bb5 Rac8 18. Ke2 Rhg8 19. Nh4 Na5 20. Rhc1 Nb3 21. Rxc8 Rxc8 22. Rxc8 Bxc8 23. Ba4 Na5 24. Kd2 Nc4+ 25. Kc3 Nd6 26. Bc2 h6 27. Nf3 b6 28. Nd2 Bb7 29. f3 Nb5+ 30. Kb4 1/2-1/2

[Event "TUR-chT"]
[Site "Kocaeli"]
[Date "2017.07.26"]
[Round "1.3"]
[White "Kanmazalp, Ogulcan"]
[Black "Zhigalko, Sergei"]
[Result "0-1"]
[WhiteElo "2445"]
[BlackElo "2648"]
[PlyCount "86"]
[EventDate "2017.07.26"]
[EventType "team-tourn"]
[EventRounds "13"]
[EventCountry "TUR"]
[SourceTitle "CBM 179 Extra"]
[Source "ChessBase"]
[SourceDate "2017.08.23"]
[SourceVersion "1"]
[SourceVersionDate "2017.08.23"]
[SourceQuality "1"]
[WhiteTeam "Istanbul Bogazici Univ"]
[BlackTeam "Kahramanmaras Buyuksehir"]
[WhiteTeamCountry "TUR"]
[BlackTeamCountry "TUR"]

1. Nf3 Nf6 2. c4 e6 3. g3 a6 4. Bg2 b5 5. b3 Bb7 6. Nc3 Bb4 7. Bb2 d6 8. 0-0 0-0 9. Qc2 bxc4 10. bxc4 Nbd7 11. Rab1 c5 12. a3 Ba5 13. d3 Re8 14. e4 Rb8 15. h3 Ba8 16. Nh4 Ne5 17. f4 Nc6 18. Ne2 Nd7 19. Ba1 Rxb1 20. Rxb1 Qc7 21. g4 Bb6 22. Nf3 Nd4 23. Nexd4 cxd4 24. Qf2 e5 25. f5 Bc5 26. Qa2 Qa5 27. Bb2 Rb8 28. Bc1 Rxb1 29. Qxb1 Bxa3 30. Bxa3 Qxa3 31. f6 g6 32. g5 Bc6 33. h4 a5 34. Bh3 Qb4 35. Qf1 a4 36. h5 a3 37. hxg6 hxg6 38. Be6 a2 39. Qh3 a1Q+ 40. Kg2 Nf8 41. Bxf7+ Kxf7 42. Qh8 Ke8 43. f7+ Kxf7 0-1

[Event "Benasque op 37th"]
[Site "Benasque"]
[Date "2017.07.13"]
[Round "8"]
[White "Antal, Gergely"]
[Black "Kanmazalp, Ogulcan"]
[Result "0-1"]
[WhiteElo "2524"]
[BlackElo "2445"]
[PlyCount "124"]
[EventDate "2017.07.06"]
[EventType "swiss"]
[EventRounds "10"]
[EventCountry "ESP"]
[SourceTitle "CBM 179 Extra"]
[Source "ChessBase"]
[SourceDate "2017.08.23"]
[SourceVersion "1"]
[SourceVersionDate "2017.08.23"]
[SourceQuality "1"]

1. e4 c5 2. Nf3 d6 3. Bb5+ Nd7 4. 0-0 a6 5. Bd3 Ngf6 6. Re1 e6 7. c3 b5 8. a4 Bb7 9. Bc2 c4 10. d4 cxd3 11. Bxd3 bxa4 12. Qxa4 Be7 13. Nbd2 0-0 14. Nb3 Qc7 15. Na5 Nc5 16. Qc2 Nxd3 17. Qxd3 d5 18. e5 Ne4 19. Be3 Rfb8 20. Ra2 Bc8 21. Nd4 Bd7 22. f3 Nc5 23. Qd2 Na4 24. Ndb3 Nb6 25. Qd4 Bb5 26. Nc5 Nc4 27. b4 Nxe3 28. Rxe3 Bxc5 29. bxc5 Rc8 30. c4 dxc4 31. Nxc4 Bxc4 32. Qxc4 Qxc5 33. Qxc5 Rxc5 34. f4 Rc4 35. g3 a5 36. Rea3 a4 37. Kf2 h5 38. Ke3 Kh7 39. Kd3 Rb4 40. Kc3 Rb3+ 41. Rxb3 Rc8+ 42. Kb2 axb3 43. Kxb3 Kg6 44. Kb4 Rc7 45. Kb5 Kf5 46. Kb6 Rc3 47. Ra7 Kg6 48. Ra2 h4 49. gxh4 Rc4 50. Rg2+ Kh6 51. Rg4 g6 52. Kb5 Rc2 53. Kb4 Kh5 54. h3 Rh2 55. Kc5 Rxh3 56. Rg5+ Kxh4 57. Rg1 Rf3 58. Kd6 Rxf4 59. Ke7 g5 60. Rh1+ Kg4 61. Rh7 Rf5 62. Rxf7 Rxf7+ 0-1

[Event "EU-ch 18th"]
[Site "Minsk"]
[Date "2017.06.10"]
[Round "11"]
[White "Donchenko, Alexander"]
[Black "Kanmazalp, Ogulcan"]
[Result "1-0"]
[WhiteElo "2563"]
[BlackElo "2447"]
[PlyCount "61"]
[EventDate "2017.05.30"]
[EventType "swiss"]
[EventRounds "11"]
[EventCountry "BLR"]
[SourceTitle "CBM 179"]
[Source "ChessBase"]
[SourceDate "2017.07.12"]
[SourceVersion "1"]
[SourceVersionDate "2017.07.12"]
[SourceQuality "1"]

1. d4 d5 2. Bf4 c5 3. e3 Nc6 4. c3 Nf6 5. Nd2 Bf5 6. Ngf3 e6 7. Qb3 Qc8 8. c4 cxd4 9. Nxd4 Nxd4 10. exd4 dxc4 11. Nxc4 Be4 12. Rc1 Qd8 13. Ne5 a6 14. Bc4 Bd5 15. 0-0 Be7 16. Bg5 0-0 17. Bxf6 Bxf6 18. Bxd5 Qxd5 19. Qxd5 exd5 20. Rc7 Bxe5 21. dxe5 b5 22. f4 Rfd8 23. Kf2 d4 24. Rd1 Rd5 25. Rd3 a5 26. Kf3 g6 27. Ke4 Rad8 28. g4 a4 29. a3 h6 30. h4 Kf8 31. h5 1-0